| 000 | 00426nam a2200169Ia 4500 | ||
|---|---|---|---|
| 003 | GCL | ||
| 008 | 140319s9999 xx 000 0 eng d | ||
| 040 |
_aGCL / _cGCL |
||
| 082 | 0 | 4 |
_a823 _bP G |
| 100 | 1 | _aPRIESTLEY, J.B | |
| 245 | 1 | 0 |
_aGOING UP: STORIES AND SKETCHES / _cPRIESTLEY, J.B |
| 260 |
_a[S.N] : _bPAN BOOK LTD |
||
| 300 | _a218 P | ||
| 650 | 0 | 4 | _aENGLISH LITERATURE |
| 650 | 0 | 4 | _aENGLISH FICTION |
| 942 |
_2ddc _cBK |
||
| 999 |
_c14868 _d14868 |
||